Keď zamestnávateľ neplatí poistné
Povinnosť zrážať a odvádzať za zamestnancov poistné na zdravotné poistenie a všetky druhy sociálneho poistenia má výlučne zamestnávateľ. Preto nezaplatené poistné Sociálna poisťovňa a zdravotné poisťovne vymáhajú len od zamestnávateľa, nie od jeho zamestnancov. Všetky dôsledky z nezaplateného poistn...
Salvato in:
| Autore principale: | |
|---|---|
| Natura: | Capitolo di libro |
| Lingua: | slovacco |
| Soggetti: | |
| Tags: |
Nessun Tag, puoi essere il primo ad aggiungerne!!
|
MARC
| LEADER | 00000naa a2200000 4500 | ||
|---|---|---|---|
| 001 | 0299713 | ||
| 005 | 20240417075308.4 | ||
| 041 | 0 | |a slo | |
| 044 | |a SK | ||
| 245 | 1 | 0 | |a Keď zamestnávateľ neplatí poistné |c Zuzana Cingelová |
| 520 | |a Povinnosť zrážať a odvádzať za zamestnancov poistné na zdravotné poistenie a všetky druhy sociálneho poistenia má výlučne zamestnávateľ. Preto nezaplatené poistné Sociálna poisťovňa a zdravotné poisťovne vymáhajú len od zamestnávateľa, nie od jeho zamestnancov. Všetky dôsledky z nezaplateného poistného sú vyvodzované len voči zamestnávateľovi. V sociálnom poistení sa z tohto všeobecného pravidla uplatňujú dve výnimky. | ||
| 610 | 2 | 0 | |a zamestnanci |
| 610 | 2 | 0 | |a zamestnávatelia |
| 610 | 2 | 0 | |a povinnosti zamestnávateľov |
| 610 | 2 | 0 | |a poistné |
| 610 | 2 | 0 | |a poistenie zdravotné |
| 610 | 2 | 0 | |a poistenie sociálne |
| 610 | 2 | 0 | |a zákony |
| 100 | 1 | |a Cingelová, Zuzana | |